000 00517nam a2200193Ia 4500
005 20250923144537.0
008 008 250917s9999 xx 000 0 eng d
037 _aTextual
040 _aDSWL
_beng
_cDSWL
041 _aeng
_2eng
084 _qDSWL
100 _aPowell, B.H.B.
_9825962
245 0 _aLand systems in British India
_cby B.H.B. Powell
260 _aLondon
_bClarendan Press
_c1892
300 _axviii,690p.
490 _vvol-1
942 _cTEXL
999 _c1440266
_d1440266